|
|
|
|
| LEADER |
00000nas a2200000 a 4500 |
| 001 |
ssj0001169 |
| 003 |
WaSeSS |
| 005 |
20200512172242.0 |
| 006 |
m d |
| 007 |
cr n |
| 008 |
970519d19972017vaubr p s f0 a0eng |
| 010 |
|
|
|a 2012203818
|z 2001231384
|
| 022 |
|
|
|a 2169-222X
|l 1094-0405
|y 1094-0405
|
| 032 |
|
|
|a 010704
|b USPS
|
| 035 |
|
|
|a (WaSeSS)ssj0001169
|
| 040 |
|
|
|a NSDP
|b eng
|c MUX
|d OCLCQ
|d DLC
|d OCLCQ
|d OCLCF
|d OCLCO
|d OCLCQ
|d OCL
|d GPO
|d MERUC
|d MUB
|d SOI
|d VT2
|d JBE
|d I3U
|d U3W
|d TXS
|d UUM
|d GPO
|d WaSeSS
|
| 042 |
|
|
|a pcc
|a nsdp
|
| 043 |
|
|
|a n-us---
|
| 050 |
0 |
0 |
|a VG93
|b .A9
|
| 074 |
|
|
|a 0374-A-02 (online)
|
| 082 |
0 |
0 |
|a 629.13255
|a 629.126
|2 23
|
| 086 |
0 |
|
|a D 202.13:
|
| 130 |
0 |
|
|a Approach (Norfolk, Va. : 1997)
|
| 210 |
0 |
|
|a Approach
|b (Norfolk, Va. 1997. Online)
|
| 222 |
|
0 |
|a Approach
|b (Norfolk, Va. 1997. Online)
|
| 245 |
1 |
0 |
|a Approach
|h [electronic resource].
|
| 246 |
1 |
|
|i Issues for vol. 61 (2016-2017) have caption title:
|a Approach-MECH
|
| 260 |
|
|
|a Norfolk, VA :
|b U.S. Naval Safety Center,
|c 1997-[2017]
|
| 310 |
|
|
|a Bimonthly,
|b Jan./Feb. 2004-
|
| 321 |
|
|
|a Bimonthly,
|b -Sept./Oct. 1997
|
| 321 |
|
|
|a Monthly,
|b Nov. 1997-Dec. 2003
|
| 362 |
0 |
|
|a Vol. 42, no. 1 (Jan./Feb. 1997)-vol. 61, no. 4 (2017)
|
| 500 |
|
|
|a Gale.
|
| 500 |
|
|
|a Title from cover (viewed May 19, 1997).
|
| 500 |
|
|
|a Other title information varies slightly.
|
| 506 |
|
|
|a License restrictions may limit access.
|
| 515 |
|
|
|a Some issues misnumbered.
|
| 540 |
|
|
|a Use for ILL not permitted.
|
| 580 |
|
|
|a Formed from the split of: Approach Mech; in 2016, absorbed: Mech (Norfolk, Va. : 1997 : Online); continued by: 360° approach.
|
| 588 |
|
|
|a Latest issue consulted: Vol. 61, no. 4 (2017) (dvidshub, viewed Apr. 1, 2020).
|
| 610 |
1 |
0 |
|a United States.
|b Navy
|x Aviation
|x Safety measures
|v Periodicals.
|
| 610 |
1 |
7 |
|a United States.
|b Navy.
|2 fast
|0 (OCoLC)fst00533204
|
| 650 |
|
0 |
|a Aeronautics
|x Safety measures
|v Periodicals.
|
| 650 |
|
7 |
|a Armed Forces
|x Aviation
|x Safety measures.
|2 fast
|0 (OCoLC)fst01981990
|
| 650 |
|
7 |
|a Aeronautics
|x Safety measures.
|2 fast
|0 (OCoLC)fst00798382
|
| 653 |
0 |
|
|a Architecture and design industries
|
| 655 |
|
0 |
|a Electronic journals.
|
| 710 |
2 |
|
|a Naval Safety Center.
|
| 773 |
0 |
|
|t Approach.
|d Farmington Hills, MI : Gale Group, 2000-
|
| 776 |
0 |
8 |
|i Print version:
|t Approach (Norfolk, Va. : 1997)
|x 1094-0405
|w (DLC) 97643316
|w (OCoLC)36929775
|
| 780 |
1 |
1 |
|t Approach Mech
|w (OCoLC)645934669
|
| 780 |
1 |
5 |
|t Mech (Norfolk, Va. : 1997 : Online)
|w (DLC) 2001230259
|w (OCoLC)47046543
|
| 785 |
1 |
0 |
|t 360° approach
|w (DLC) 2019230157
|w (OCoLC)1082523664
|
| 856 |
4 |
0 |
|z Full text available from Research Library: 07/01/1998 to present
|u https://search.proquest.com/publication/32677
|